000
00333nam a2200145Ia 4500
100
_a
Branden Nathaniel
942
_c
BK
654
_a
Six pillars of self esteem
245
_a
The Six Pillars of Self esteem
260
_b
Bantam
_a
New york
_c
1994
082
_a
158.1
_b
BRA
300
_a
341
546
_a
ENGLISH
999
_c
25550
_d
25550